000 01515nam0a2200301 4500
001 RU\NLR\bibl\1112639
005 20250615062124.0
010 _a978-5-699-21899-8
_bВ пер.
_95000
021 _aRU
_b2007-40812
_92191
035 _a(nilc)RSL-KNO-003137710
035 _a(NLR Aleph) 001099663
090 _a1170160
_c1170161
100 _a20070626d2007 |||y0rusy50 ca
101 0 _arus
102 _aRU
105 _ay zzzz|||||
200 1 _aВсе способны держать оружие
_e[фантастический роман]
_fАндрей Лазарчук
210 _aМосква
_cЭксмо
_d2007
215 _a506, [1] с.
_d20
610 0 _aФилологические науки. Художественная литература -- Российская Федерация -- Русская литература -- с сер. 50-х гг. 20 в. -- Произведения художественной литературы -- Художественная проза -- Романы. Повести. Рассказы -- Фантастические и мистические романы, повести, рассказы. Романы ужасов
686 _aШ5(2=Р)75-644.5
_2rubbk
700 1 _4070
_7ca
_8rus
_aЛазарчук
_bА. Г.
_f1958-
_gАндрей Геннадьевич
_9192172
_3RU\NLR\AUTH\770192223
801 0 _aRU
_bРКП
_c20070626
_grcr
801 1 _aRU
_bРГБ
_c20070626
801 2 _aRU
_bNLR
_c20070725
_grcr
942 _cBOOK
980 _aNB